00398 2200169 4500245004100000020002200041250000900063100001600072700000800088650001800096005001900114260004000133041001400173084001100187300002100198336000900219 aBillionare's Wifec@jssicanbbnhText a978-602-208-159-3 a2017 a@jssicanbbn afLo aFiksi romance a20240906114853 aYogyakartabGradien Mediatamac2017 aIndonesia a808.83 a324 hlm :c19 cm atext